• AIU
  • Tony Wilmot Memorial Library

Caught up in conflict : (Record no. 56504)

MARC details
000 -LEADER
fixed length control field 01638cam a2200337 a 4500
001 - CONTROL NUMBER
control field 559587
003 - CONTROL NUMBER IDENTIFIER
control field OSt
005 - DATE AND TIME OF LATEST TRANSACTION
control field 20160303020002.0
008 - FIXED-LENGTH DATA ELEMENTS--GENERAL INFORMATION
fixed length control field 880317s1986 enk b 001 0 eng c
010 ## - LIBRARY OF CONGRESS CONTROL NUMBER
LC control number 88672358
020 ## - INTERNATIONAL STANDARD BOOK NUMBER
International Standard Book Number 0333369092
020 ## - INTERNATIONAL STANDARD BOOK NUMBER
International Standard Book Number 0333369106 (pbk.)
040 ## - CATALOGING SOURCE
Original cataloging agency MH
Transcribing agency MH
Modifying agency DLC
043 ## - GEOGRAPHIC AREA CODE
Geographic area code aw-----
-- ew-----
050 14 - LIBRARY OF CONGRESS CALL NUMBER
Classification number HQ1233
Item number .C37x 1986
245 00 - TITLE STATEMENT
Title Caught up in conflict :
Remainder of title women's responses to political strife /
Statement of responsibility, etc edited by Rosemary Ridd and Helen Callaway.
260 ## - PUBLICATION, DISTRIBUTION, ETC. (IMPRINT)
Place of publication, distribution, etc Houndmills, Basingstoke, Hampshire :
Name of publisher, distributor, etc Macmillan Education in association with the Oxford University Women's Studies Committee,
Date of publication, distribution, etc 1986.
300 ## - PHYSICAL DESCRIPTION
Extent xii, 246 p. ;
Dimensions 23 cm.
490 1# - SERIES STATEMENT
Series statement Women in society
504 ## - BIBLIOGRAPHY, ETC. NOTE
Bibliography, etc Includes bibliographies and index.
505 0# - FORMATTED CONTENTS NOTE
Formatted contents note Powers of the powerless / Rosemary Ridd -- War in Cyprus / Maria Roussou -- Women, the damned of the Iranian Revolution / Homa Nategh -- Public protest, domestic acquiescence / Lynda Egerton -- The coal war / Moiram Ali -- Between two fires / Rosemary Sayigh and Julie Peteet -- Israeli kibbutz women / Alison M. Bowes -- Brittany / Maryon McDonald -- Refusing to be invisible / Clare Krojzl -- Survival and support / Helen Callaway.
650 #0 - SUBJECT ADDED ENTRY--TOPICAL TERM
Topical term or geographic name as entry element Women and war
Geographic subdivision Middle East.
9 (RLIN) 20713
650 #0 - SUBJECT ADDED ENTRY--TOPICAL TERM
Topical term or geographic name as entry element Social conflict
Geographic subdivision Europe.
9 (RLIN) 20714
650 #0 - SUBJECT ADDED ENTRY--TOPICAL TERM
Topical term or geographic name as entry element Women and war
Geographic subdivision Europe.
9 (RLIN) 20715
650 #0 - SUBJECT ADDED ENTRY--TOPICAL TERM
Topical term or geographic name as entry element Women
General subdivision Social conditions.
9 (RLIN) 20716
700 1# - ADDED ENTRY--PERSONAL NAME
Personal name Ridd, Rosemary.
9 (RLIN) 20717
700 1# - ADDED ENTRY--PERSONAL NAME
Personal name Callaway, Helen.
9 (RLIN) 20718
830 #0 - SERIES ADDED ENTRY--UNIFORM TITLE
Uniform title Women in society (Houndmills, Basingstoke, England)
9 (RLIN) 20719
906 ## - LOCAL DATA ELEMENT F, LDF (RLIN)
a 7
b cbc
c orignew
d u
e ncip
f 19
g y-gencatlg
942 ## - ADDED ENTRY ELEMENTS (KOHA)
Source of classification or shelving scheme Library of Congress Classification
Koha item type Books
Koha issues (borrowed), all copies 3
Holdings
Withdrawn status Lost status Source of classification or shelving scheme Damaged status Not for loan Collection code Home library Current library Shelving location Date acquired Source of acquisition Cost, normal purchase price Total Checkouts Full call number Barcode Date last seen Date checked out Copy number Price effective from Koha item type
    Library of Congress Classification     General Circulation AIU/NEGST - Tony Wilmot Memorial Library AIU/NEGST - Tony Wilmot Memorial Library General Stacks 02/12/2013 Purchase - TBN 15.00 3 HQ1233 .C37 1986 R59516N3232 09/02/2019 03/02/2016 1 02/12/2013 Books